vol-1 : Main subjects Teaching of science t Elementary (Record no. 4527)
[ view plain ]
| 000 -LEADER | |
|---|---|
| fixed length control field | 00256nam a22000857a 4500 |
| 008 - FIXED-LENGTH DATA ELEMENTS--GENERAL INFORMATION | |
| fixed length control field | 161205b xxu||||| |||| 00| 0 eng d |
| 100 ## - MAIN ENTRY--PERSONAL NAME | |
| 9 (RLIN) | 1805 |
| Personal name | Siddiugi,M.N,etal |
| 245 ## - TITLE STATEMENT | |
| Title | vol-1 : Main subjects Teaching of science t Elementary |
| 260 ## - PUBLICATION, DISTRIBUTION, ETC. (IMPRINT) | |
| Place of publication, distribution, etc. | NEW DELHI |
| Name of publisher, distributor, etc. | ARYA |
| Date of publication, distribution, etc. | 2006 |
| Withdrawn status | Lost status | Source of classification or shelving scheme | Damaged status | Koha normalized classification for sorting | Not for loan | Home library | Current library | Shelving location | Date acquired | Total Checkouts | Full call number | Barcode | Date last seen | Price effective from | Koha item type |
|---|---|---|---|---|---|---|---|---|---|---|---|---|---|---|---|
| Dewey Decimal Classification | 398_800000000000000 | Good Samaritan School Library | Good Samaritan School Library | Science | 12/05/2016 | 398.8 | SID6023 | 12/05/2016 | 12/05/2016 | BOOK |